000
00311nam a2200133Ia 4500
008
100328s9999 xx 000 0 und d
082
_b
49303
100
_a
करंदीकर सुमा
245
_a
रास.
260
_b
मौज
630
_a
रास.
730
_a
रास.
942
_c
BOOK
999
_c
536725
_d
536722